|
|
|
|
| LEADER |
01455nam a2200409 a 4500 |
| 001 |
EBC3386159 |
| 003 |
MiAaPQ |
| 005 |
20200520144314.0 |
| 006 |
m o d | |
| 007 |
cr cn||||||||| |
| 008 |
000321s2001 vaua sb 001 0 eng d |
| 010 |
|
|
|z 00008744
|
| 020 |
|
|
|z 0745308554 (hc)
|
| 020 |
|
|
|z 0745308562 (pb)
|
| 020 |
|
|
|z 9780745308555
|
| 020 |
|
|
|a 9781849640039 (electronic bk.)
|
| 035 |
|
|
|a (MiAaPQ)EBC3386159
|
| 035 |
|
|
|a (Au-PeEL)EBL3386159
|
| 035 |
|
|
|a (CaPaEBR)ebr10479631
|
| 035 |
|
|
|a (CaONFJC)MIL987777
|
| 035 |
|
|
|a (OCoLC)51002825
|
| 040 |
|
|
|a MiAaPQ
|c MiAaPQ
|d MiAaPQ
|
| 050 |
|
4 |
|a JC479
|b .W483 2001
|
| 082 |
0 |
4 |
|a 320.1
|2 21
|
| 100 |
1 |
|
|a Whitfield, Dexter.
|
| 245 |
1 |
0 |
|a Public services or corporate welfare
|h [electronic resource] :
|b rethinking the nation state in the global economy /
|c Dexter Whitfield.
|
| 260 |
|
|
|a Sterling, Va. :
|b Pluto Press,
|c 2001.
|
| 300 |
|
|
|a xix, 314 p. :
|b ill.
|
| 504 |
|
|
|a Includes bibliographical references (p. 287-314) and index.
|
| 533 |
|
|
|a Electronic reproduction. Ann Arbor, MI : ProQuest, 2015. Available via World Wide Web. Access may be limited to ProQuest affiliated libraries.
|
| 650 |
|
0 |
|a Welfare state.
|
| 650 |
|
0 |
|a State, The.
|
| 650 |
|
0 |
|a Privatization.
|
| 650 |
|
0 |
|a Globalization.
|
| 655 |
|
4 |
|a Electronic books.
|
| 710 |
2 |
|
|a ProQuest (Firm)
|
| 856 |
4 |
0 |
|u https://ebookcentral.proquest.com/lib/matrademy/detail.action?docID=3386159
|z Click to View
|